[Event "VII Dos Hermanas Internet"]
[Site "ICC INT"]
[Date "2006.03.24"]
[EventDate "2006.03.24"]
[Round "1.3"]
[Result "0-1"]
[White "Axel Bachmann Schiavo"]
[Black "Bu Xiangzhi"]
[WhiteElo "2414"]
[BlackElo "2645"]
[PlyCount "66"]

1. e4 c5 2. Nf3 d6 3. d4 Nf6 4. Nc3 cxd4 5. Qxd4 a6 6. Bg5 Nc6
7. Qd2 Bg4 8. Bc4 e6 9. Bb3 Be7 10. O-O-O b5 11. Rhe1 Rc8
12. Kb1 O-O 13. Qf4 Ne5 14. Qg3 Bxf3 15. gxf3 Nh5 16. Bxe7
Qxe7 17. Qh3 Nf4 18. Qg3 Nh5 19. Qg1 Qf6 20. Re3 Rfd8 21. Ne2
g6 22. Qf1 a5 23. a3 Rb8 24. Nd4 a4 25. Ba2 b4 26. Qa6 Ra8
27. Qb5 Rdb8 28. Qe2 Nf4 29. Qd2 Ng2 30. axb4 Nxe3 31. fxe3
Nxf3 32. Qf2 Rxb4 33. Qxf3 Rxd4 0-1

[Event "VII Dos Hermanas Internet"]
[Site "ICC INT"]
[Date "2006.03.24"]
[EventDate "2006.03.24"]
[Round "2.1"]
[Result "1/2-1/2"]
[White "Tamaz Gelashvili"]
[Black "Bu Xiangzhi"]
[WhiteElo "2575"]
[BlackElo "2645"]
[PlyCount "98"]

1. c4 e5 2. Nc3 c5 3. g3 Nc6 4. Bg2 g6 5. e3 Bg7 6. Nge2 Nge7
7. O-O O-O 8. d3 d6 9. a3 Rb8 10. Rb1 a5 11. Bd2 h6 12. Qc2
Be6 13. Nd5 b5 14. Nxe7+ Nxe7 15. b4 axb4 16. axb4 bxc4
17. dxc4 cxb4 18. Rxb4 Qc7 19. Rc1 Rxb4 20. Bxb4 Rc8 21. Qd2
Bxc4 22. Bxd6 Qd7 23. Nc3 Nf5 24. Ne4 Ba6 25. Rxc8+ Bxc8
26. Bb4 Qxd2 27. Bxd2 Bf8 28. Bc3 Bg7 29. h4 h5 30. Ng5 f6
31. Bd5+ Kh8 32. Ne4 Kh7 33. Bb4 Ba6 34. Kg2 Bd3 35. Kf3 Bc2
36. Ke2 Ba4 37. Kd3 Bb5+ 38. Kc3 Nh6 39. Be7 Ng4 40. Kd2 f5
41. Ng5+ Kh6 42. Bg8 Be8 43. Ne6 Nf6 44. Nxg7 Kxg7 45. Bb3
Ne4+ 46. Ke1 Bf7 47. Bc2 Bc4 48. Bxe4 fxe4 49. Kd2 Kf7 1/2-1/2

[Event "VII Dos Hermanas Internet"]
[Site "ICC INT"]
[Date "2006.03.24"]
[EventDate "2006.03.24"]
[Round "2.3"]
[Result "1/2-1/2"]
[White "Tamaz Gelashvili"]
[Black "Bu Xiangzhi"]
[WhiteElo "2575"]
[BlackElo "2645"]
[PlyCount "141"]

1. d4 d5 2. c4 c6 3. Nf3 Nf6 4. Nc3 dxc4 5. a4 Bf5 6. Ne5 Nbd7
7. Nxc4 Qc7 8. g3 e5 9. dxe5 Nxe5 10. Bf4 Nfd7 11. Bg2 g5
12. Bxe5 Nxe5 13. Qd4 f6 14. O-O-O Rd8 15. Qe3 Be7 16. Rxd8+
Kxd8 17. Rd1+ Kc8 18. Nxe5 Qxe5 19. Qxa7 Ba3 20. Rd4 Qc5
21. Qxc5 Bxc5 22. Rd1 Bxf2 23. Be4 Be3+ 24. Kc2 Bh3 25. Rd3
Bg1 26. Rd1 Bc5 27. a5 Kc7 28. Bd3 Bb4 29. a6 bxa6 30. Bxa6 h5
31. Bd3 h4 32. Ne4 Be7 33. Ra1 Kb7 34. Kc3 hxg3 35. hxg3 Be6
36. b4 f5 37. Nc5+ Bxc5 38. bxc5 Rh3 39. Kd4 Rxg3 40. Ke5 Re3+
41. Kd6 Bd5 42. Rb1+ Ka7 43. Ra1+ Kb7 44. Rb1+ Ka7 45. Bxf5
Rxe2 46. Bd7 Rd2 47. Kc7 Ka6 48. Bxc6 Be6 49. Rb4 Ra2 50. Rb8
Ka5 51. Bd7 Bc4 52. c6 Rc2 53. Kd8 Ba6 54. c7 Rc5 55. Ra8 Kb6
56. Rb8+ Ka5 57. Rb2 Rc4 58. Rg2 Rc5 59. Rd2 Kb6 60. Rd6+ Ka7
61. Bc8 Bb5 62. Bg4 Ba6 63. Be6 Bb7 64. Bd7 Rc4 65. Rd2 g4
66. Ra2+ Kb6 67. Rb2+ Ka7 68. Rxb7+ Kxb7 69. c8=Q+ Rxc8+
70. Bxc8+ Kb6 71. Bxg4 1/2-1/2

[Event "VII Dos Hermanas Internet"]
[Site "ICC INT"]
[Date "2006.03.25"]
[EventDate "2006.03.24"]
[Round "3.1"]
[Result "0-1"]
[White "Surya Shekhar Ganguly"]
[Black "Bu Xiangzhi"]
[WhiteElo "2579"]
[BlackElo "2645"]
[PlyCount "72"]

1. e4 c5 2. Nf3 d6 3. d4 cxd4 4. Nxd4 Nf6 5. Nc3 a6 6. Be2 e5
7. Nb3 Be7 8. Bg5 Be6 9. Bxf6 Bxf6 10. Qd3 O-O 11. O-O-O Qb6
12. Rhf1 Nc6 13. Kb1 Rfd8 14. Nd5 Bxd5 15. Qxd5 Ne7 16. Qa5
Qc6 17. Bf3 b5 18. Rd3 Rac8 19. Rc3 Qb7 20. Rd1 Nc6 21. Rxc6
Qxc6 22. Qd2 b4 23. Bg4 Rc7 24. Qd3 a5 25. Nxa5 Qc5 26. Nb3
Qxf2 27. Qe2 Qa7 28. Rd5 Rc6 29. Qd1 Ra6 30. Nc1 Ra8 31. a3
bxa3 32. b3 a2+ 33. Ka1 Qe3 34. Rd3 Qxe4 35. Bf3 Qb4 36. c3 e4
0-1

[Event "VII Dos Hermanas Internet"]
[Site "ICC INT"]
[Date "2006.03.25"]
[EventDate "2006.03.24"]
[Round "3.3"]
[Result "1-0"]
[White "Surya Shekhar Ganguly"]
[Black "Bu Xiangzhi"]
[WhiteElo "2579"]
[BlackElo "2645"]
[PlyCount "79"]

1. e4 c5 2. Nf3 d6 3. d4 cxd4 4. Nxd4 Nf6 5. Nc3 a6 6. Be2 e5
7. Nb3 Be7 8. Bg5 Be6 9. Bxf6 Bxf6 10. Qd3 O-O 11. Nd5 Bg5
12. h4 Bh6 13. c3 Nc6 14. Rd1 f5 15. Bf3 f4 16. Nd2 Kh8 17. a4
Rc8 18. Nc4 b5 19. axb5 axb5 20. Na3 b4 21. Nxb4 Nxb4 22. cxb4
Qf6 23. h5 Rfd8 24. O-O Rb8 25. b5 Bg5 26. Rc1 Qf8 27. Rfd1
Be7 28. Rc7 Qf6 29. Rdc1 Bf8 30. Nb1 Rd7 31. Rc8 Rdb7 32. Rxb8
Rxb8 33. Nc3 Qf7 34. Nd5 Qb7 35. Be2 Rc8 36. Rxc8 Qxc8 37. Qc3
Qa8 38. Nc7 Qa1+ 39. Kh2 Bc8 40. Qc4 1-0

[Event "VII Dos Hermanas Internet"]
[Site "ICC INT"]
[Date "2006.03.25"]
[EventDate "2006.03.24"]
[Round "4.1"]
[Result "1/2-1/2"]
[White "Fabian Doettling"]
[Black "Bu Xiangzhi"]
[WhiteElo "2542"]
[BlackElo "2645"]
[PlyCount "134"]

1. d4 d5 2. Nf3 Nf6 3. c4 c6 4. e3 g6 5. Nc3 Bg7 6. Be2 O-O
7. O-O a6 8. Bd2 dxc4 9. Bxc4 Nbd7 10. e4 b5 11. Bb3 Nb6
12. e5 Nfd5 13. Ne4 a5 14. a3 a4 15. Ba2 Nc4 16. Qc2 Qb6
17. h3 Bf5 18. Rfe1 Rfd8 19. g4 Bxe4 20. Rxe4 h6 21. e6 fxe6
22. Rxe6 Rf8 23. Kg2 Rxf3 24. Kxf3 Qxd4 25. Bc3 Rf8+ 26. Kg2
Nxc3 27. bxc3 Rxf2+ 28. Qxf2 Qd5+ 29. Qf3 Qxe6 30. Kh1 Qd5
31. Qxd5+ cxd5 32. Rb1 Nxa3 33. Bxd5+ Kh7 34. Rc1 Be5 35. Kg2
Bf4 36. Re1 Bg5 37. Kf3 Bf6 38. Rc1 Kg7 39. Ke4 Bg5 40. Rf1
Bf6 41. Kd3 h5 42. g5 Bxg5 43. Ra1 e6 44. Bxe6 Be7 45. Rf1 Bf6
46. Bd5 g5 47. Be6 Kg6 48. Bd5 g4 49. Be4+ Kf7 50. hxg4 hxg4
51. Rg1 Ke6 52. Rxg4 Nc4 53. Rg2 Kd6 54. Bf5 Be5 55. Be4 Kc5
56. Rg6 Bd6 57. Rg5+ Be5 58. Kc2 b4 59. cxb4+ Kxb4 60. Bd3 Bd4
61. Bxc4 Kxc4 62. Ra5 Kb4 63. Ra8 Bc5 64. Kb1 Kb3 65. Rb8+ Bb4
66. Ra8 a3 67. Rxa3+ Bxa3 1/2-1/2

[Event "VII Dos Hermanas Internet"]
[Site "ICC INT"]
[Date "2006.03.25"]
[EventDate "2006.03.24"]
[Round "4.3"]
[Result "1/2-1/2"]
[White "Fabian Doettling"]
[Black "Bu Xiangzhi"]
[WhiteElo "2542"]
[BlackElo "2645"]
[PlyCount "94"]

1. d4 d5 2. Nf3 Nf6 3. c4 c6 4. cxd5 cxd5 5. Nc3 Nc6 6. Bf4
Bf5 7. e3 e6 8. Bb5 Nd7 9. O-O Rc8 10. Qb3 Be7 11. Rfc1 O-O
12. Bxc6 bxc6 13. Qb7 a5 14. Na4 c5 15. Ne5 Rc7 16. Qb5 Nxe5
17. Bxe5 c4 18. Bxc7 Qxc7 19. Qb6 Qxb6 20. Nxb6 Rb8 21. Na4 h5
22. h3 h4 23. b3 Ba3 24. bxc4 Rb4 25. Nc5 Bxc1 26. Rxc1 dxc4
27. e4 Bg6 28. f3 c3 29. Rxc3 Rxd4 30. Ra3 f5 31. exf5 exf5
32. Rxa5 Bf7 33. Nb3 Rd1+ 34. Kf2 Bxb3 35. axb3 Rd2+ 36. Kf1
g6 37. Ra7 Rb2 38. Rb7 Rb1+ 39. Kf2 Rb2+ 40. Kg1 Rb1+ 41. Kh2
Kf8 42. b4 Kg8 43. b5 f4 44. b6 g5 45. Rb8+ Kg7 46. Rb7+ Kg8
47. Rb8+ Kg7 1/2-1/2

[Event "VII Dos Hermanas Internet"]
[Site "ICC INT"]
[Date "2006.03.25"]
[EventDate "2006.03.24"]
[Round "4.5"]
[Result "1-0"]
[White "Fabian Doettling"]
[Black "Bu Xiangzhi"]
[WhiteElo "2542"]
[BlackElo "2645"]
[PlyCount "133"]

1. d4 c5 2. d5 e5 3. Nc3 d6 4. e4 g6 5. Bb5+ Nd7 6. a4 Bg7
7. Nf3 Ne7 8. Nd2 O-O 9. O-O Nf6 10. Be2 Kh8 11. Nc4 h6 12. f4
Ne8 13. fxe5 dxe5 14. Be3 b6 15. a5 Rb8 16. axb6 axb6 17. Ra7
Bd7 18. Qd2 Nc8 19. Raa1 Kh7 20. Na3 Ned6 21. Bb5 Ne7 22. Qe2
Ra8 23. Bxd7 Qxd7 24. Nc4 Rxa1 25. Rxa1 Nxc4 26. Qxc4 Rb8
27. Qb5 Qd6 28. Ra7 Rd8 29. Qa6 f5 30. Qb7 Bf8 31. Nb5 Qf6
32. d6 Rxd6 33. Nxd6 Qxd6 34. Qd7 Qf6 35. Qe8 fxe4 36. h3 g5
37. Qa8 Qf5 38. Ra4 b5 39. Ra5 Ng6 40. Rxb5 g4 41. Rb7+ Be7
42. Qe8 gxh3 43. Rxe7+ Nxe7 44. Qxe7+ Kg6 45. Qd6+ Kf7
46. Qxh6 hxg2 47. Kxg2 Qf3+ 48. Kh2 Qe2+ 49. Kh3 Qf3+ 50. Kh4
Qh1+ 51. Kg5 Qg2+ 52. Kf5 Qxc2 53. Qe6+ Kg7 54. Qxe5+ Kg8
55. Qe8+ Kh7 56. Qf7+ Kh8 57. Qf8+ Kh7 58. Qe7+ Kg8 59. Qf6
Kh7 60. Qc3 Qg2 61. Bxc5 Qg6+ 62. Ke5 Qg4 63. Be3 Kg6 64. Kd5
Kf7 65. Qc7+ Kg6 66. Qd6+ Kf7 67. Qf4+ 1-0

[Event "Chinese Championship"]
[Site "Wuxi CHN"]
[Date "2006.06.29"]
[EventDate "2006.06.25"]
[Round "5"]
[Result "1/2-1/2"]
[White "Xu Jun"]
[Black "Bu Xiangzhi"]
[WhiteElo "2591"]
[BlackElo "2640"]
[PlyCount "71"]

1. d4 d5 2. c4 c6 3. Nc3 dxc4 4. e3 b5 5. a4 b4 6. Nb1 Ba6
7. Qc2 Nf6 8. Bxc4 Bxc4 9. Qxc4 Qd5 10. Qxd5 cxd5 11. Nd2 e6
12. Ngf3 Bd6 13. b3 Nc6 14. Bb2 Na5 15. Rc1 Ke7 16. Ke2 Rac8
17. h3 h5 18. Rxc8 Rxc8 19. Rc1 Rxc1 20. Bxc1 Nd7 21. Bb2 f6
22. Ne1 e5 23. f3 h4 24. Nd3 Ke6 25. e4 dxe4 26. fxe4 exd4
27. Bxd4 a6 28. Bb2 g5 29. Bd4 Be7 30. Be3 Bd6 31. Bd4 Be7
32. Be3 f5 33. exf5+ Kxf5 34. Bf2 Nc6 35. Nf3 Na5 36. Nd2
1/2-1/2

[Event "Chinese Championship"]
[Site "Wuxi CHN"]
[Date "2006.07.04"]
[EventDate "2006.06.25"]
[Round "9"]
[Result "1/2-1/2"]
[White "Bu Xiangzhi"]
[Black "Chong Liang"]
[WhiteElo "2640"]
[BlackElo "2514"]
[PlyCount "132"]

1. d4 d5 2. c4 e6 3. Nc3 c6 4. Nf3 dxc4 5. a4 Bb4 6. e4 b5
7. Bg5 Ne7 8. Be2 Bb7 9. O-O a6 10. Qc2 h6 11. Bh4 O-O
12. Rfd1 f5 13. exf5 exf5 14. d5 cxd5 15. Nxd5 Bxd5 16. axb5
g5 17. Bxc4 axb5 18. Bxd5+ Qxd5 19. Rxd5 Rxa1+ 20. Rd1 Rxd1+
21. Qxd1 Nbc6 22. Bxg5 hxg5 23. Nxg5 Rf6 24. Qh5 Ng6 25. Qh7+
Kf8 26. h4 Nge5 27. h5 Bd2 28. h6 Bxg5 29. Qg7+ Ke8 30. Qxg5
Rf8 31. h7 Ne7 32. Qg7 N5g6 33. f4 Nh8 34. g3 Neg6 35. Qb7 Rf7
36. Qb8+ Ke7 37. b4 Kf6 38. Qxb5 Kg7 39. Qb8 Kxh7 40. b5 Nf8
41. b6 Nd7 42. Qc7 Ng6 43. b7 Kg7 44. Kf2 Ngf8 45. b8=Q Nxb8
46. Qxb8 Nd7 47. Qc8 Kg6 48. Ke3 Nf6 49. Kd4 Re7 50. Qh8 Rh7
51. Qa8 Rh3 52. Qg2 Rh8 53. Kc5 Rc8+ 54. Kd6 Rd8+ 55. Kc7 Rd3
56. Kc8 Rc3+ 57. Kd8 Rd3+ 58. Kc7 Rc3+ 59. Kb6 Rb3+ 60. Kc6
Rc3+ 61. Kb5 Ne4 62. g4 Rg3 63. gxf5+ Kxf5 64. Qf1 Rg4 65. Kc6
Rxf4 66. Qh3+ Ke5 1/2-1/2

[Event "Taiyuan Scheveningen"]
[Site "Taiyuan CHN"]
[Date "2006.07.10"]
[EventDate "2006.07.10"]
[Round "1"]
[Result "1/2-1/2"]
[White "Baadur Aleksandrovich Jobava"]
[Black "Bu Xiangzhi"]
[WhiteElo "2651"]
[BlackElo "2664"]
[PlyCount "155"]

1. c4 e5 2. Nc3 c5 3. g3 Nc6 4. Bg2 g6 5. Nf3 Bg7 6. d3 d6
7. O-O Nge7 8. a3 O-O 9. Bd2 h6 10. Rb1 a5 11. Ne1 Be6 12. Nc2
d5 13. cxd5 Nxd5 14. Ne3 Nde7 15. Na4 b6 16. b4 cxb4 17. axb4
b5 18. Nc5 Ba2 19. bxa5 Bxb1 20. Qxb1 Rb8 21. Rc1 Nxa5 22. Na6
Rc8 23. Qxb5 Rxc1+ 24. Bxc1 Qc8 25. Ba3 Nac6 26. Bxc6 Nxc6
27. Nd5 Kh7 28. Bxf8 Nd4 29. Qc4 Qxf8 30. Nc3 h5 31. Nc7 h4
32. Kg2 Qc8 33. Ne4 h3+ 34. Kf1 f6 35. e3 Qg4 36. Nc3 Nf3
37. Qxg4 Nxh2+ 38. Kg1 Nxg4 39. Nd1 f5 40. f3 Nf6 41. Kh2 Kg8
42. Kxh3 Kf7 43. e4 Nd7 44. Kg2 Nc5 45. Nf2 Bh6 46. Nd5 Ke6
47. Kf1 Bg5 48. Nb4 Bd2 49. Nc2 Nb3 50. Ke2 Bh6 51. Ne1 Nd4+
52. Kd1 Bf8 53. Nh3 Bc5 54. Ng1 Nc6 55. Ne2 Bf2 56. Nc2 Na5
57. Kd2 Nb3+ 58. Kc3 Nc5 59. Na3 Be1+ 60. Kc2 Bf2 61. Nb5 Kd7
62. Nbc3 Ne6 63. Nb1 Ng5 64. Nd2 Ke6 65. Kd1 Nh7 66. Nf1 Nf6
67. Kc2 Nh7 68. Kd2 Ng5 69. Nc1 Bb6 70. Ke2 Nh3 71. Ke1 Bf2+
72. Kd1 Ng1 73. f4 Bb6 74. Ne2 Nh3 75. Nd2 exf4 76. gxf4 Be3
77. Nf3 fxe4 78. dxe4 1/2-1/2

[Event "Taiyuan Scheveningen"]
[Site "Taiyuan CHN"]
[Date "2006.07.12"]
[EventDate "2006.07.10"]
[Round "3"]
[Result "1/2-1/2"]
[White "Ferenc Berkes"]
[Black "Bu Xiangzhi"]
[WhiteElo "2601"]
[BlackElo "2664"]
[PlyCount "88"]

1. d4 d5 2. c4 c6 3. Nf3 Nf6 4. Nc3 a6 5. e3 g6 6. Be2 Bg7
7. O-O O-O 8. a4 a5 9. b3 Bg4 10. Ba3 Re8 11. cxd5 Nxd5
12. Nxd5 cxd5 13. Bb5 Nc6 14. h3 Bxf3 15. Qxf3 e6 16. Rac1 Rc8
17. Qe2 Bf8 18. Bc5 Bxc5 19. Rxc5 Qb6 20. Qd2 Rb8 21. Rb1 Ra8
22. Rbc1 Rec8 23. R1c3 Na7 24. Qc1 Qd8 25. g3 b6 26. Rxc8 Rxc8
27. Ba6 Rxc3 28. Qxc3 Qd6 29. Kg2 h5 30. Bb7 Qd7 31. Ba6 Qe7
32. Qc2 Qd6 33. Bb7 Qd7 34. Ba6 Kf8 35. g4 hxg4 36. hxg4 Qd6
37. f4 Nc6 38. Bb5 Ne7 39. Kf3 Kg7 40. Bd3 Qd8 41. Qh2 Qc7
42. Qc2 Qb8 43. Qh2 Qc7 44. Qc2 Qxc2 1/2-1/2

[Event "Taiyuan Scheveningen"]
[Site "Taiyuan CHN"]
[Date "2006.07.14"]
[EventDate "2006.07.10"]
[Round "5"]
[Result "1-0"]
[White "Bu Xiangzhi"]
[Black "Giovanni Portilho Vescovi"]
[WhiteElo "2664"]
[BlackElo "2619"]
[PlyCount "73"]

1. d4 d5 2. c4 c6 3. Nf3 Nf6 4. Nc3 dxc4 5. a4 Bf5 6. e3 e6
7. Bxc4 Bb4 8. Ne5 Nbd7 9. Nxd7 Qxd7 10. f3 Rd8 11. O-O O-O
12. Qb3 Ba5 13. Rd1 Bg6 14. e4 Bb6 15. Kh1 Qc7 16. Be3 e5
17. dxe5 Bxe3 18. exf6 gxf6 19. Ne2 Bc5 20. Rac1 Bd6 21. Qe3
f5 22. f4 Qb6 23. Qh3 Qa5 24. Rf1 Kh8 25. Ng3 f6 26. exf5 Bf7
27. Ne4 Bd5 28. Bxd5 cxd5 29. Nxd6 Rxd6 30. Qe3 Rd7 31. Qd4
Qb6 32. Rc5 Re8 33. Rd1 Re4 34. Qxe4 dxe4 35. Rc8+ Kg7
36. Rxd7+ Kh6 37. Rh8 1-0

[Event "Taiyuan Scheveningen"]
[Site "Taiyuan CHN"]
[Date "2006.07.15"]
[EventDate "2006.07.10"]
[Round "6"]
[Result "1/2-1/2"]
[White "Karen Asrian"]
[Black "Bu Xiangzhi"]
[WhiteElo "2635"]
[BlackElo "2664"]
[PlyCount "98"]

1. e4 c5 2. Nf3 d6 3. d4 cxd4 4. Nxd4 Nf6 5. Nc3 a6 6. Be2 e5
7. Nb3 Be7 8. Be3 Be6 9. Nd5 Nbd7 10. Qd3 O-O 11. c4 b5
12. cxb5 axb5 13. O-O Bxd5 14. exd5 Nb6 15. Qxb5 Nbxd5 16. Bd2
Rb8 17. Qa4 Qc8 18. Bd3 Nb6 19. Qh4 Qd7 20. Rfe1 Qa4 21. Qh3
Nbd5 22. Qf3 Rfc8 23. Bf5 Rc7 24. g3 g6 25. Bd3 Nb4 26. Bb1
Kg7 27. Qd1 Nbd5 28. Bd3 Nb4 29. Bb1 Nbd5 30. Bd3 Rcc8 31. Bc2
Bd8 32. Re2 h6 33. Be1 Qa7 34. Bd3 Nb4 35. Bb1 Nc6 36. Be4 Bb6
37. Qxd6 Nd4 38. Nxd4 Bxd4 39. Bc3 Rd8 40. Bxd4 exd4 41. Qa3
Qxa3 42. bxa3 d3 43. Re3 Nxe4 44. Rxe4 Rb2 45. Rd1 Rxa2 46. a4
Rd5 47. Kg2 g5 48. Re3 Rf5 49. Rf3 Rxf3 1/2-1/2

[Event "Taiyuan schev"]
[Site "Taiyuan"]
[Date "2006.07.20"]
[EventDate "2006.07.10"]
[Round "10"]
[Result "1-0"]
[White "Bu Xiangzhi"]
[Black "Ferenc Berkes"]
[WhiteElo "2664"]
[BlackElo "2601"]
[Source "ChessBase"]
[PlyCount "79"]

1. c4 e6 2. d4 d5 3. Nc3 Be7 4. Bf4 Nf6 5. e3 O-O 6. c5 c6
7. Nf3 Nbd7 8. Bd3 Nh5 9. b4 Nxf4 10. exf4 Qc7 11. g3 a5
12. b5 f6 13. Qc2 h6 14. Nh4 f5 15. Ng6 Re8 16. Nxe7+ Rxe7
17. b6 Qd8 18. O-O-O Nf6 19. f3 Bd7 20. Rde1 Qf8 21. Re5 g6
22. Rhe1 Rg7 23. Qd2 Qf7 24. a4 Nh5 25. Ne2 Nf6 26. h3 Rh7
27. g4 Kf8 28. Kb2 h5 29. g5 Ne8 30. h4 Ng7 31. Nc1 Ke7
32. Nb3 Rhh8 33. Nxa5 Rhb8 34. Ra1 Kd8 35.Nb3 Be8 36. a5 Ra6
37. Ra4 Rba8 38. Re1 Bd7 39. Bxa6 Rxa6 40. Nc1 1-0

[Event "Corus Group B"]
[Site "Wijk aan Zee NED"]
[Date "2007.01.14"]
[EventDate "2007.01.13"]
[Round "2"]
[Result "1/2-1/2"]
[White "Jan Smeets"]
[Black "Bu Xiangzhi"]
[WhiteElo "2538"]
[BlackElo "2644"]
[PlyCount "76"]

1. e4 c5 2. Nf3 d6 3. d4 cxd4 4. Nxd4 Nf6 5. Nc3 a6 6. Be3 e5
7. Nb3 Be7 8. f3 Be6 9. Qd2 O-O 10. O-O-O a5 11. Bb5 Na6
12. Qe2 Qb8 13. Bb6 Nc7 14. Ba4 Rc8 15. g4 Ra6 16. Be3 Ra8
17. Kb1 Rd8 18. Rhe1 d5 19. g5 d4 20. gxf6 Bxf6 21. Nc5 dxc3
22. bxc3 b5 23. Bb3 Be7 24. Rxd8+ Qxd8 25. Nxe6 fxe6 26. Bb6
Kh8 27. Rd1 Qc8 28. Qd3 a4 29. Qd7 axb3 30. Qxe7 Nd5 31. exd5
bxc2+ 32. Kxc2 Rxa2+ 33. Kb1 Ra1+ 34. Kxa1 Qxc3+ 35. Kb1 Qb3+
36. Kc1 Qc3+ 37. Kb1 Qb3+ 38. Ka1 Qc3+ 1/2-1/2

[Event "Corus Group B"]
[Site "Wijk aan Zee NED"]
[Date "2007.01.21"]
[EventDate "2007.01.13"]
[Round "8"]
[Result "1/2-1/2"]
[White "Gabriel Sargissian"]
[Black "Bu Xiangzhi"]
[WhiteElo "2658"]
[BlackElo "2644"]
[PlyCount "224"]

1. d4 d5 2. c4 c6 3. Nc3 Nf6 4. Nf3 dxc4 5. a4 Bf5 6. Ne5 Nbd7
7. Nxc4 Nb6 8. Ne5 a5 9. Bg5 h6 10. Bh4 Nbd5 11. Qb3 Qb6
12. Qxb6 Nxb6 13. f3 Nfd7 14. Nxd7 Nxd7 15. e4 Bg6 16. O-O-O
Rc8 17. Bg3 h5 18. h4 e6 19. Bc4 Bb4 20. Ne2 Ke7 21. Nf4 Rh6
22. Bf2 b5 23. Be2 bxa4 24. Be3 Rhh8 25. Nxg6+ fxg6 26. Kc2 a3
27. bxa3 Bxa3 28. Bc4 Rb8 29. Ra1 Bb4 30. g4 Nb6 31. Bd3 c5
32. gxh5 cxd4 33. Bg5+ Kf7 34. hxg6+ Kxg6 35. Kd1 Kf7 36. h5
Nd7 37. Ke2 Bc3 38. Ra2 Ne5 39. f4 Nxd3 40. Kxd3 Rb3 41. h6
gxh6 42. Rxh6 Rxh6 43. Bxh6 Rb2 44. Ra4 Rd2+ 45. Kc4 Rd1
46. f5 exf5 47. exf5 Kf6 48. Ra2 Bb4 49. Rf2 d3 50. Ra2 Kxf5
51. Kd4 Kg4 52. Be3 Kf3 53. Rf2+ Kg3 54. Ra2 Kf3 55. Rf2+ Kg3
56. Ra2 d2 57. Kd3 Kf3 58. Bxd2 a4 59. Rxa4 Rxd2+ 60. Kc4 Be7
61. Kb5 Bf6 62. Kc5 Be5 63. Kc6 Bf4 64. Kc5 Rh2 65. Kd5 Rh5+
66. Kc6 Be5 67. Kd5 Bb2+ 68. Kc6 Ke3 69. Rg4 Be5 70. Rb4 Bd4
71. Rb5 Rh8 72. Rb1 Rh6+ 73. Kd5 Rh5+ 74. Kc6 Ke4 75. Re1+ Be3
76. Rd1 Rc5+ 77. Kd6 Rb5 78. Ke6 Ra5 79. Re1 Ra6+ 80. Kd7 Kd4
81. Ke7 Bg5+ 82. Kf7 Kd5 83. Rb1 Ra7+ 84. Kg6 Bf4 85. Kf5 Rf7+
86. Kg6 Rf8 87. Kg7 Ra8 88. Kf6 Be5+ 89. Kf5 Rf8+ 90. Kg4 Bc3
91. Rc1 Kd4 92. Rc2 Kd3 93. Rc1 Bd4 94. Rc6 Ke4 95. Kg5 Rf1
96. Kg6 Rg1+ 97. Kf7 Kf5 98. Ke7 Be5 99. Kd7 Rg7+ 100. Kc8 Ke4
101. Rc5 Bd6 102. Rb5 Rc7+ 103. Kd8 Kd4 104. Rf5 Ra7 105. Ke8
Be5 106. Rf7 Ra8+ 107. Kd7 Kd5 108. Ke7 Ra6 109. Kd7 Bf6
110. Kc8 Be5 111. Kd7 Ra7+ 112. Ke8 Ra6 1/2-1/2

[Event "Corus Group B"]
[Site "Wijk aan Zee NED"]
[Date "2007.01.24"]
[EventDate "2007.01.13"]
[Round "10"]
[Result "1/2-1/2"]
[White "Bu Xiangzhi"]
[Black "Suat Atalik"]
[WhiteElo "2644"]
[BlackElo "2586"]
[PlyCount "96"]

1. c4 Nf6 2. Nc3 e5 3. Nf3 Nc6 4. e4 Bb4 5. d3 d6 6. g3 a6
7. Bg2 b5 8. O-O Bxc3 9. bxc3 O-O 10. d4 Re8 11. Re1 Bb7
12. Bg5 h6 13. Bxf6 Qxf6 14. Rb1 Bc8 15. d5 Nd8 16. cxb5 axb5
17. Qc2 Ra5 18. c4 bxc4 19. Qxc4 Qe7 20. Nd2 Nb7 21. Qc2 Nc5
22. Nb3 Nxb3 23. Rxb3 c5 24. dxc6 Be6 25. Rb7 Qf6 26. c7 Rc8
27. Qc6 Rc5 28. Qxd6 Rc2 29. Qb6 Bxa2 30. Qa7 Qc6 31. Rb8 Qxc7
32. Qxc7 R2xc7 33. Rxc8+ Rxc8 34. h4 g5 35. hxg5 hxg5 36. g4
Rc2 37. Bf3 Bc4 38. Kg2 Kg7 39. Rb1 Rc3 40. Rb2 Bd3 41. Rb4
Rc4 42. Rxc4 Bxc4 43. Bd1 Kf6 44. Kf3 Ke6 45. Ke3 Kd6 46. Ba4
Kc5 47. f3 Kb4 48. Bc6 f6 1/2-1/2

[Event "Corus Group B"]
[Site "Wijk aan Zee NED"]
[Date "2007.01.26"]
[EventDate "2007.01.13"]
[Round "11"]
[Result "1/2-1/2"]
[White "Jan Werle"]
[Black "Bu Xiangzhi"]
[WhiteElo "2566"]
[BlackElo "2644"]
[PlyCount "87"]

1. d4 d5 2. c4 c6 3. Nf3 Nf6 4. Nc3 dxc4 5. a4 Bf5 6. Ne5 Nbd7
7. Nxc4 Qc7 8. g3 e5 9. dxe5 Nxe5 10. Bf4 Nfd7 11. Bg2 f6
12. O-O Nc5 13. Ne3 Be6 14. b4 Rd8 15. Qc2 Na6 16. b5 Nb4
17. Qb1 g5 18. Bxe5 Qxe5 19. bxc6 Qxc3 20. cxb7 Bc5 21. Rc1
Qe5 22. Ra3 O-O 23. Rac3 Bd6 24. Nc4 Bxc4 25. Rxc4 Na6 26. e3
f5 27. Rd4 f4 28. Rd5 Qf6 29. exf4 gxf4 30. Rh5 Qg7 31. Qb5
Nc7 32. Qb3+ Kh8 33. Be4 h6 34. Rf5 Na6 35. Rxf8+ Qxf8 36. Rc6
Nb8 37. Rc4 Qf6 38. Rc8 Rf8 39. Qf3 Qa1+ 40. Kg2 Qf6 41. Bc2
Qe7 42. Qc3+ Kg8 43. Bb3+ Kh7 44. Bc2+ 1/2-1/2

[Event "Corus Group B"]
[Site "Wijk aan Zee NED"]
[Date "2007.01.28"]
[EventDate "2007.01.13"]
[Round "13"]
[Result "1/2-1/2"]
[White "Daniel Stellwagen"]
[Black "Bu Xiangzhi"]
[WhiteElo "2585"]
[BlackElo "2644"]
[PlyCount "53"]

1. e4 c5 2. Nf3 d6 3. d4 cxd4 4. Nxd4 Nf6 5. Nc3 a6 6. Be2 e5
7. Nb3 Be7 8. O-O O-O 9. Kh1 b5 10. a4 Bb7 11. Nd5 Nbd7
12. Nxe7+ Qxe7 13. f3 d5 14. exd5 Bxd5 15. axb5 axb5 16. Rxa8
Bxa8 17. Bxb5 e4 18. fxe4 Rb8 19. Bd3 Nxe4 20. Bf4 Rd8 21. Qe1
Re8 22. Nd2 Ndf6 23. Nxe4 Nxe4 24. Bb5 Rd8 25. Bd3 Re8 26. Bb5
Rd8 27. Bd3 1/2-1/2

[Event "Bundesliga 0607"]
[Site "Germany"]
[Date "2007.02.24"]
[EventDate "?"]
[Round "10.1"]
[Result "1/2-1/2"]
[White "Gabriel Sargissian"]
[Black "Bu Xiangzhi"]
[WhiteElo "2667"]
[BlackElo "2671"]
[PlyCount "101"]

1. d4 d5 2. c4 c6 3. Nf3 Nf6 4. Nc3 dxc4 5. a4 Bf5 6. Ne5 Nbd7
7. Nxc4 Qc7 8. g3 e5 9. dxe5 Nxe5 10. Bf4 Nfd7 11. Bg2 g5
12. Bxe5 Nxe5 13. Qd4 f6 14. O-O-O Be7 15. Ne3 Be6 16. Qe4 Bb3
17. Rd2 Nd7 18. Nf5 Nc5 19. Qe3 Qe5 20. Ne4 Nxe4 21. Bxe4 Qc5+
22. Qxc5 Bxc5 23. Bc2 Bd5 24. e4 Be6 25. Ng7+ Kf7 26. Nxe6
Kxe6 27. Rhd1 g4 28. Rd7 h5 29. Rxb7 Rad8 30. Rf1 Rb8 31. Rg7
Bd4 32. b3 Rhg8 33. Rxg8 Rxg8 34. Bd3 Ke5 35. Kd2 h4 36. Ke2
Rh8 37. b4 hxg3 38. hxg3 Rh2 39. Ba6 c5 40. bxc5 Bxc5 41. Bc8
Kxe4 42. Bxg4 a5 43. Bc8 f5 44. Bb7+ Ke5 45. Ke1 Kf6 46. Ba6
Kg5 47. Be2 f4 48. g4 Rh3 49. f3 Bb4+ 50. Kd1 Rh2 51. Bb5
1/2-1/2

[Event "Canadian Open"]
[Site "Ottawa Canada"]
[Date "2007.07.07"]
[EventDate "2007.07.07"]
[Round "1"]
[Result "0-1"]
[White "Arkadi Eremeevich Vul"]
[Black "Bu Xiangzhi"]
[WhiteElo "2324"]
[BlackElo "2656"]
[PlyCount "102"]

1. Nf3 d5 2. d4 c6 3. c4 dxc4 4. e3 Be6 5. a4 Nf6 6. Na3 c5
7. Bxc4 Bxc4 8. Nxc4 Nc6 9. dxc5 Qxd1 10. Kxd1 Ne4 11. Ke2
Nxc5 12. Bd2 Nb3 13. Ra3 Nxd2 14. Nfxd2 O-O-O 15. Rc1 Kb8
16. Ne4 e6 17. Rb3 Be7 18. Ncd2 Rc8 19. Rbc3 Rhd8 20. Nf3 h6
21. Rd1 Rxd1 22. Kxd1 a6 23. Nc5 Ka7 24. Nd3 Bf6 25. Rc2 Rd8
26. Ke2 g5 27. h3 Bg7 28. Rc4 Rd6 29. e4 b5 30. axb5 axb5
31. Rc1 Kb6 32. b4 f5 33. e5 Rd5 34. g4 Bf8 35. Rb1 Be7
36. Ke3 Rd8 37. Rb3 Bf8 38. Rb1 Be7 39. Rb3 h5 40. gxh5 g4
41. hxg4 fxg4 42. Nh2 Bg5 43. f4 gxf3 44. Kf2 Nd4 45. Rb2 Bh4
46. Kf1 Rh8 47. Ne1 Bxe1 48. Kxe1 Rxh5 49. Rd2 Rxe5 50. Kf1
Re4 51. Rd3 e5 0-1

[Event "Canadian Open"]
[Site "Ottawa Canada"]
[Date "2007.07.09"]
[EventDate "2007.07.07"]
[Round "4"]
[Result "1/2-1/2"]
[White "Bu Xiangzhi"]
[Black "Nigel Short"]
[WhiteElo "2685"]
[BlackElo "2683"]
[PlyCount "41"]

1. Nf3 d5 2. d4 Nf6 3. c4 e6 4. Nc3 Be7 5. Bg5 h6 6. Bh4 O-O
7. e3 b6 8. Rc1 Bb7 9. Bd3 dxc4 10. Bxc4 a6 11. a4 Nbd7
12. O-O Ne4 13. Nxe4 Bxe4 14. Bg3 c5 15. Qe2 Qc8 16. dxc5 bxc5
17. Nd2 Bc6 18. b3 Rd8 19. Rfd1 Qb7 20. Bd3 Nf6 21. e4 1/2-1/2